000 00237nam a2200097Ia 4500
008 170619s9999 xx 000 0 und d
100 _aO`Brain James A
245 0 _aInformation to Information Systme
260 _bNew Delhi: TMH
260 _c2005
546 _aENGLISH
999 _c16793
_d16793